LEADER 00938nam1 22002771i 450 001 RML0278486 005 20231121125728.0 100 $a20121121f ||||0itac50 ba 101 | $afre 102 $ach 181 1$6z01$ai $bxxxe 182 1$6z01$an 200 1 $aBibliothèque angloise$eou Histoire littéraire de la Grande-Bretagne 210 $aGenéve $cSlatkine 215 $av.$d31 cm 300 $aRist. dell'ed.: Amsterdam : Marret, 1717-1728 463 1$1001RML0339861$12000 $aTome 1.$ecompresant les volumes 1-5, 1717-1719 463 1$1001RML0339862$12000 $aTome 2.$ecompresant les volumes 6-10, 1719-1723 463 1$1001RML0339863$12000 $aTome 3.$ecompresant les volumes 11-15, 1724-1728 606 $aLetteratura inglese$xStoria$2FIR$3RMLC003141$9I 676 $a820.9$9$v21 801 3$aIT$bIT-01$c20121121 912 $aRML0278486 977 $a 52 996 $aBibliothèque angloise$93626203 997 $aUNICAS